00441nam a2200181 a 4500001001300000003000900013005001700022008004100039020000900080082001300089100001500102245002000117260004700137300000900184500003500193650001600228700001500244nice12345678IN_TiNIC20260116012753.0080909s1963 dhea grp 000 0 eng  ac5000a239bRAJ aRaj, M Hem aGreater Baptism aDhera Dun bChandana Printing Works c1963 a161p aincludes index and biblioraphy aApologetics1 aRaj, M Hem